000 00717nam a2200205Ii 4500
003 JO-AjNU
008 230605s9999||||xx |||||||||||||| ||und||
040 _aJO-AjNU
_bara
_erda
_cJO-AjNU
041 _aara
050 1 4 _aDS79.72.A8222 1993
100 3 _aعطايا، أمين محمود,
_eauthor
_917374
245 0 0 _aالعمليات العسكرية البرية في حرب الخليج الثانية
250 _aط1
264 3 1 _aدمشق: دار الحكمة، 1993
300 _a192ص
336 _atext
_btxt
_2rdacontent
337 _aunmediated
_bn
_2rdamedia
338 _avolume
_bnc
_2rdacarrier
650 4 _aالعراق-حرب الخليج الثانية-الحرب البرية-تاريخ
_917375
999 _aA5353
_c8921
_d8921